banner koha

Sucessão em fragmentos florestais altomontanos no sul do Brasil: uma abordagem florístico-estrutural e filogenética (Registro n. 298379)

MARC details
000 -LÍDER
fixed length control field 04555nab a2200409 i 4500
003 - CÓDIGO MARC DA AGÊNCIA CATALOGADORA
Campo de controle BR-BrBNA
005 - DATA E HORA DA ÚLTIMA ATUALIZAÇÃO
Campo de controle 20240130131846.0
008 - CAMPO DE TAMANHO FIXO
fixed length control field 240130b2018 bl.qr|pooa||| 00| 0 por |
040 ## - FONTE DA CATALOGAÇÃO
Agência catalogadora BR-BrBNA
Idioma da catalogação por
072 ## - CATEGORIA AGRIS
Código AGRIS F40
072 ## - CATEGORIA AGRIS
Código AGRIS K10
072 ## - CATEGORIA AGRIS
Código AGRIS F70
100 ## - ENTRADA PRINCIPAL - NOME PESSOAL
Nome pessoal Duarte, Edilaine
100 ## - ENTRADA PRINCIPAL - NOME PESSOAL
Nome pessoal Silva, Ana Carolina da
100 ## - ENTRADA PRINCIPAL - NOME PESSOAL
Nome pessoal Higuchi, Pedro
100 ## - ENTRADA PRINCIPAL - NOME PESSOAL
Nome pessoal Larsen, Janaina Gabriela
100 ## - ENTRADA PRINCIPAL - NOME PESSOAL
Nome pessoal Ortiz, Danielle Cristina
100 ## - ENTRADA PRINCIPAL - NOME PESSOAL
Nome pessoal Gross, Aline
100 ## - ENTRADA PRINCIPAL - NOME PESSOAL
Nome pessoal Turmina, Eliana
100 ## - ENTRADA PRINCIPAL - NOME PESSOAL
Nome pessoal Aguiar, Jéssica Thalheimer
100 ## - ENTRADA PRINCIPAL - NOME PESSOAL
Nome pessoal Vefago, Manoela Bez
100 ## - ENTRADA PRINCIPAL - NOME PESSOAL
Nome pessoal Schneider, Chaiane Rodrigues
100 ## - ENTRADA PRINCIPAL - NOME PESSOAL
Nome pessoal Siqueira, Silvane de Fátima
100 ## - ENTRADA PRINCIPAL - NOME PESSOAL
Nome pessoal Lemos, Angela Camila
100 ## - ENTRADA PRINCIPAL - NOME PESSOAL
Nome pessoal Ribeiro, Lirio
245 ## - TÍTULO PRINCIPAL
Título principal Sucessão em fragmentos florestais altomontanos no sul do Brasil: uma abordagem florístico-estrutural e filogenética
500 ## - NOTA GERAL
Nota geral Publicação on-line; 48 ref.; 2 tables; 6 illus.; Summaries (En, Pt)
942 ## - ADDED ENTRY ELEMENTS (KOHA)
Koha item type
520 ## - NOTA DE RESUMO
Nota de conteúdo <br/><br/>RESUMO<br/><br/>Objetivou-se caracterizar a organização florístico-estrutural, a riqueza e a estrutura filogenética de comunidades arbóreas de fragmentos florestais altomontanos em diferentes estágios sucessionais, situados no Parque Nacional de São Joaquim em Urubici, Santa Catarina. Foram selecionados três fragmentos, dois em avançado estágio sucessional e um em estágio inicial, sendo cada um avaliado por meio de 20 parcelas de 10 x 10 m, distribuídas na forma de transecção de 20 x 100 m. Foram identificados e medidos todos os indivíduos arbóreos com DAP ≥ 5 cm. Os dados foram analisados por meio de rarefação, ordenação multivariada, análise de espécies indicadoras e métricas de estruturação filogenética. A riqueza encontrada em cada fragmento não apresentou relação com o estágio sucessional, uma vez que as áreas não difeririam quanto a este aspecto. A organização florístico-estrutural foi influenciada pela interação entre o estágio sucessional e as diferenças ambientais entre os locais. Na área em início de sucessão, foi observado o agrupamento filogenético das espécies, e nas áreas tardias, o padrão foi aleatório. Assim, os resultados evidenciaram variações na riqueza independentemente do estágio sucessional e que a sucessão florestal influenciou a composição florístico-estrutural e a estrutura filogenética das áreas.<br/><br/>Palavras-chave: ecologia florestal; filogenia; Floresta Ombrófila Mista Alto-Montana.
520 ## - NOTA DE RESUMO
Nota de conteúdo <br/><br/>ABSTRACT<br/><br/>We aimed to describe the floristic-structural organization, the richness and the phylogenetic structure of tree components in highland forest fragments in different successional stages, at São Joaquim National Park, in the municipality of Urubici, Santa Catarina state. Three fragments were selected, two in an advanced successional stage and one in an initial successional stage, being each one evaluated by 20 10 x 10 m sampling plots, allocated as 20 x 100 m transects. All trees with dbh ≥ 5 cm were identified and measured. The data were analyzed through rarefaction, multivariate ordination, indicator species analysis and phylogenetic structure metrics. There was no relationship between the richness and the successional stage, once the studied areas did not differ in relation to the number of species. The floristic-structural organization was influenced by the interaction between the successional stage and the environmental differences among areas. Phylogenetic clustering of species was observed in the initial successional stage area and random phylogenetic pattern was observed in advanced successional stage areas. The results indicated independent variation in richness in relation to successional phase and, that the forest succession influenced the floristic-structural composition and phylogenetic structure of the study areas.<br/><br/>Keywords: forest ecology; phylogeny; upper-montane Araucaria Forest.
650 ## - ASSUNTO - THESAGRO
Cabeçalho tópico ou nome geográfico ECOLOGIA FLORESTAL
650 ## - ASSUNTO - THESAGRO
Cabeçalho tópico ou nome geográfico FILOGENIA
650 ## - ASSUNTO - THESAGRO
Cabeçalho tópico ou nome geográfico FLORESTA
773 0# - ENTRADA ANALÍTICA
Host Biblionumber 4065
Registro do item 198128
Imprenta Santa Maria-RS Universidade Federal de Santa Maria - Centro de Pesquisas Florestais.Departamento de Ciências Florestais. Programa de Pós-Graduação em Engenharia Florestal 1991
Outro identificador 2023-437009
Título Ciência Florestal (Brazil)
ISSN 0103-9954; 1980-5098 (on-line)
Colação v. 28(3) p. 898-912; (Jul-Sep 2018)
Número de controle de registro BR2023001498
856 ## - ACESSO E ENDEREÇO ELETRÔNICO
Identificador uniforme de recurso - URI https://periodicos.ufsm.br/cienciaflorestal/article/view/33349/pdf

Nenhum exemplar disponível.

BINAGRI

Telefone: (61)3218-2567/2388/3357/2097 - binagri@agro.gov.br

Ministério da Agricultura e Pecuária , Esplanada dos Ministérios, Bloco D, Anexo B, Brasília/DF, CEP: 70.043-900